000 00352 a2200157 4500
001 20766
020 _a9788587063465
040 _cAnchieta - São Paulo/Itaigara
100 _aHoffmann, Jussara
240 1 0 _aAvaliar para promover
_lpor
245 1 0 _aAvaliar para promover
300 _a144
362 0 _a2001
650 4 _aEducação
942 _cBK
999 _c20766
_d20766